书目信息 |
| 题名: |
保健按摩
|
|
| 作者: | 谷岱峰 编著 | |
| 分册: | ||
| 出版信息: | 北京 人民体育出版社 1965 |
|
| 页数: | 37页 | |
| 开本: | 19cm | |
| 丛书名: | 体育锻炼方法丛书 | |
| 单 册: | ||
| 中图分类: | R244.1 | |
| 科图分类: | ||
| 主题词: | 按摩疗法(中医) , 中医学:临床医学 | |
| 电子资源: | ||
| ISBN: | ||
| 000 | 00708nam0 2200277 45 981 | |
| 001 | 0629708593 | |
| 005 | 20060812081708.39 | |
| 010 | @dCNY0.10 | |
| 091 | @a7015.1164 | |
| 100 | @a19951228d1965 em y0chiy0121 ea | |
| 101 | 0 | @achi |
| 102 | @aCN@b110000 | |
| 105 | @af z 000yy | |
| 106 | @ar | |
| 200 | 10 | @a保健按摩@Abao jian an mo@f谷岱峰编著 |
| 205 | @a2版(修订本) | |
| 210 | @a北京@c人民体育出版社@d1965 | |
| 215 | @a37页@c图@d19cm | |
| 225 | 2 | @a体育锻炼方法丛书 |
| 410 | 0 | @1 20010@a体育锻炼方法丛书 |
| 606 | @a按摩疗法(中医) | |
| 606 | 0 | @a中医学:临床医学 |
| 690 | @aR244.1@v3 | |
| 701 | 0 | @a谷岱峰@4编著@Agu dai feng |
| 801 | 0 | @c20060812 |
| 905 | @a10447@dR244.1@e152=2 | |
| 保健按摩/谷岱峰编著 .-2版(修订本) .-北京:人民体育出版社,1965 |
| 37页:图;19cm .-(体育锻炼方法丛书 ) |
| ISBN :CNY0.10 |
| ● |
| 相关链接 |
|
|
|
|
正题名:保健按摩
索取号:R244.1/152=2
 
预约/预借
| 序号 | 登录号 | 条形码 | 馆藏地/架位号 | 状态 | 备注 |
| 1 | 0452305 | 204523051 | 密集书库/ [索取号:R244.1/152=2] | 在馆 |